000 00526nam a22001697a 4500
003 OSt
005 20260218151542.0
008 260218b |||||||| |||| 00| 0 eng d
040 _cMRSPTU
041 _aEnglish
100 _aJayanshu Yadav, Supervisor: Dr. Rakesh Kumar Singla
245 _aScheduled Completion of Construction Projects
260 _bDepartment of Civil Engg. MRSPTU, Bathinda
_c2016
650 _aCivil Engineering
856 _uhttp://163.47.215.52:8080/jspui/handle/123456789/1113
942 _2ddc
_cTH
_n0
999 _c10944
_d10944